[Event "Quebec op U1400"]
[Site "Montreal"]
[Date "2016.07.29"]
[Round "8.78"]
[White "Grandmaison, Real"]
[Black "Omichi, Kevin"]
[Result "1-0"]
[WhiteElo "1243"]
[BlackElo "1168"]
[PlyCount "163"]
[EventDate "2016.07.23"]
[EventType "swiss"]
[EventRounds "8"]
[EventCountry "CAN"]
[SourceTitle "EXT 2022"]
[Source "ChessBase"]
[SourceDate "2021.10.06"]
[SourceVersion "1"]
[SourceVersionDate "2021.10.06"]
[SourceQuality "1"]

1. d4 d5 2. Nf3 Nf6 3. Bg5 e6 4. Nc3 Be7 5. e3 0-0 6. Bd3 Nc6 7. a3 h6 8. Bh4 Nd7 9. Bg3 a6 10. h4 Nb6 11. b3 Bd6 12. Bxd6 Qxd6 13. Be2 f6 14. g4 e5 15. dxe5 Nxe5 16. Nxe5 fxe5 17. g5 c6 18. gxh6 Qxh6 19. Qd2 Bf5 20. 0-0-0 Rad8 21. Bd3 Bxd3 22. cxd3 d4 23. exd4 Qxd2+ 24. Rxd2 exd4 25. Ne4 Nd7 26. Rg1 Nf6 27. Ng5 Rfe8 28. f3 b5 29. Rdg2 Rd7 30. f4 Re3 31. Kd2 c5 32. Rg3 Rxg3 33. Rxg3 Nh5 34. Rf3 Kf8 35. Ne6+ Ke7 36. Nxc5 Ra7 37. Rf1 a5 38. Re1+ Kd6 39. Ne4+ Kc6 40. Rc1+ Kb6 41. f5 Rc7 42. Rg1 Rf7 43. Rg5 Nf6 44. h5 Nh7 45. Rg6+ Kc7 46. Ng3 Nf8 47. Ra6 Nd7 48. Rxa5 Kb6 49. Ra8 Rf8 50. Rxf8 Nxf8 51. Ke2 Kc5 52. b4+ Kd5 53. Kf3 Nh7 54. Kf4 Nf8 55. Kg5 Kd6 56. Ne2 Kd5 57. Nf4+ Kd6 58. f6 gxf6+ 59. Kxf6 Nd7+ 60. Kg7 Ke7 61. h6 Nf6 62. h7 Nxh7 63. Kxh7 Kd6 64. Kg6 Ke5 65. Kg5 Kd6 66. Kf5 Kd7 67. Ke5 Kc6 68. Kxd4 Kd6 69. Ke4 Kc6 70. d4 Kd6 71. d5 Ke7 72. Ke5 Kd7 73. d6 Ke8 74. Ke6 Kd8 75. d7 Kc7 76. Ke7 Kc6 77. d8Q Kb7 78. Ne6 Kc6 79. Qd6+ Kb7 80. Nc5+ Ka7 81. Qc7+ Ka8 82. Qb7# 1-0

[Event "Quebec op U1400"]
[Site "Montreal"]
[Date "2016.07.24"]
[Round "3.11"]
[White "Lauzon, Francois"]
[Black "Grandmaison, Real"]
[Result "1-0"]
[WhiteElo "1265"]
[BlackElo "1243"]
[PlyCount "105"]
[EventDate "2016.07.23"]
[EventType "swiss"]
[EventRounds "8"]
[EventCountry "CAN"]
[SourceTitle "EXT 2022"]
[Source "ChessBase"]
[SourceDate "2021.10.06"]
[SourceVersion "1"]
[SourceVersionDate "2021.10.06"]
[SourceQuality "1"]

1. e4 e6 2. d4 c5 3. Nf3 cxd4 4. Nxd4 Nc6 5. Be3 Nf6 6. Nc3 Be7 7. Bd3 0-0 8. a3 Nxd4 9. Bxd4 d5 10. e5 Nd7 11. 0-0 f5 12. f4 Bc5 13. Ne2 Qb6 14. c3 Bxd4+ 15. cxd4 Qxb2 16. Kh1 Qb6 17. Rb1 Qd8 18. Rf3 g6 19. Ng1 Rf7 20. Nh3 Nf8 21. Ng5 Rg7 22. Rg3 h6 23. Nf3 a6 24. a4 g5 25. fxg5 hxg5 26. h3 f4 27. Rg4 b6 28. h4 gxh4 29. Nxh4 Raa7 30. Rxf4 Qg5 31. Qf3 Raf7 32. Rf1 Rxf4 33. Qxf4 Qxf4 34. Rxf4 Rg3 35. Bc2 Rc3 36. Rg4+ Kf7 37. Rf4+ Ke7 38. Rf2 b5 39. axb5 axb5 40. Nf3 b4 41. Ba4 Bd7 42. Bxd7 Nxd7 43. Rb2 b3 44. Nd2 Nb6 45. Rxb3 Rc1+ 46. Kh2 Na4 47. Rb7+ Kf8 48. Nf3 Nc3 49. Rc7 Ne2 50. Ra7 Rd1 51. Ra4 Kg7 52. Ng5 Nxd4 53. Rxd4 1-0

[Event "Quebec op"]
[Site "Montreal"]
[Date "1987.08.01"]
[Round "7"]
[White "Grandmaison, Real"]
[Black "Forget, Luc"]
[Result "0-1"]
[WhiteElo "1550"]
[BlackElo "1828"]
[PlyCount "72"]
[EventDate "1987.07.26"]
[EventType "swiss"]
[EventRounds "8"]
[EventCountry "CAN"]
[SourceTitle "EXT 2022"]
[Source "ChessBase"]
[SourceDate "2021.10.06"]
[SourceVersion "1"]
[SourceVersionDate "2021.10.06"]
[SourceQuality "1"]

1. e4 e5 2. f4 Bc5 3. Nf3 d6 4. c3 Nf6 5. d4 exd4 6. cxd4 Bb4+ 7. Bd2 a5 8. Bxb4 axb4 9. Nbd2 0-0 10. Bd3 Qe7 11. 0-0 Nd5 12. Re1 Nxf4 13. Bc2 Nc6 14. Nf1 Bg4 15. Qd2 Qf6 16. e5 dxe5 17. dxe5 Qh6 18. Qe3 Bxf3 19. gxf3 Rfd8 20. Rad1 Rxd1 21. Bxd1 Rd8 22. Bb3 Rd3 23. Qe4 Qg5+ 24. Ng3 Nd4 25. Bd1 h5 26. Qxb7 h4 27. Qc8+ Kh7 28. Qg4 Qxg4 29. fxg4 hxg3 30. hxg3 Rxg3+ 31. Kh2 Rg2+ 32. Kh1 Rxb2 33. Re4 Nfe6 34. Bb3 Nf3 35. Re2 Rxe2 36. Bd5 Rh2# 0-1